000 01719nam a2200325 a 4500
001 BRCA_3160
005 20190320204136.0
008 110209s1900----fr-a---###---#000-0#fre-u
041 _afre
044 _afr
084 _a463
_b.L38
_c1900
100 1 _aCervantes Saavedra, Miguel de
_d1547-1616
_9213
245 1 0 _aDon Quichotte de la Manche
_cMiguel de Cervantes Saavedra.
260 _aParís
_bHenri Laurens
_c1900
300 _aiii, 144 p.
_bil. (algunas a color)
_c28 cm.
500 _aContenido : Introducción de L. Tarsot. Texto resumido
500 _aEdición : Illustrations de Henri Morin. Edition pour la jeunesse, d´après la traduction de Florian precedée d´une introduction par M.L. Tarsot, Sous-Chef de Bureau au Ministère de l´Instruction publique
500 _aAbreviación de la obra, hecha para los niños, por L. Tarsot sobre la traducción de Florian. Es interesante la opinión que en la introducción expresa L. Tarsot sobre la gran novela: Es una de las más bellas historias que se han escrito en lengua alguna. Edición pulcramente impresa sobre excelente papel. Las ilustraciones en colores y los grabados son lindos dibujos de Henri Morin Lúdovik Osterc
500 _aQM396
546 _aTexto en : francés
650 1 4 _aNovela española
_yÉpoca clásica, 1500-1700
_9215
650 1 4 _aLiteratura española
_yÉpoca clásica, 1500-1700
_9216
650 1 4 _aNovela española
_ySiglo XVII
_9217
650 1 4 _aDon Quijote (Personaje ficticio)
_eNovela
_9218
700 1 _aFlorian, Jean-Pierre Claris de
_d1755-1794
_eTraductor
_98480
700 1 _aTarsot, M.L.
_ePrologista
_98525
740 0 _aEl Ingenioso Hidalgo Don Quijote de la Mancha
902 _aQFM
942 _2lcc
_cB
999 _c2896
_d2896